000 00784nam a22002297a 4500
003 UA-OsUOA
001 40585
007 ta
008 20060811b un ||||| |||| 00| 0 ukr d
090 _a008+070.15(477)
_bЯ44
942 _cBK
040 _aUA-OsUOA
_bukr
_cUA-OsUOA
_dUA-OsUOA
245 _aЯк узгодити комерційні інтереси з потребами української культури
_bМатеріали круглогостолу,8 лютого2005р.
_cУпоряд.Т.В.Шаповаленко
300 _a115 с.
955 _a1
041 _aukr
080 _a008+070.15(477)
020 _a966-518-323-0
260 _aК.
_bКМА
_c2005
650 7 _a008 Цивілізація. Культура. Прогрес
_2UDC
999 _c326726
_d326726